[Event "La Pobla de Lillet op A"]
[Site "La Pobla de Lillet ESP"]
[Date "2015.08.05"]
[Round "5.2"]
[White "Movsziszian, K."]
[Black "Cervello Tost, F."]
[Result "0-1"]
[WhiteElo "2457"]
[BlackElo "2303"]
[PlyCount "120"]
[EventDate "2015.08.01"]
[EventType "swiss"]
[EventRounds "9"]
[EventCountry "ESP"]
[SourceTitle "Ajedrez en Madrid"]
[Source "lmi"]
[SourceDate "2020.06.24"]
[SourceVersion "1"]
[SourceVersionDate "2020.06.24"]
[SourceQuality "1"]

1. g3 c5 2. Bg2 g6 3. d3 Bg7 4. f4 Nc6 5. Nf3 d6 6. O-O e6 7. e4 Nge7 8. c3 b6
9. Na3 Bb7 10. Re1 O-O 11. Be3 Qd7 12. Qe2 d5 13. Bf2 d4 14. c4 e5 15. f5 gxf5
16. Bh3 f6 17. Nh4 a6 18. Rf1 Qe8 19. Bxf5 Nxf5 20. Nxf5 Ne7 21. Nd6 Qd7 22.
Nxb7 Qxb7 23. Nb1 Qd7 24. Nd2 Rf7 25. Nf3 Ng6 26. Be1 Bh6 27. Bd2 Bxd2 28. Nxd2
Raf8 29. Rf2 Rg7 30. Kh1 Qc6 31. Raf1 Rgf7 32. Rg2 Ne7 33. h4 f5 34. Kh2 fxe4
35. Rxf7 Rxf7 36. Nxe4 h6 37. b3 Qe6 38. a3 a5 39. Rf2 Rxf2+ 40. Qxf2 Kg7 41.
Qf3 Nf5 42. Qg4+ Kf7 43. Kg1 Ne3 44. Qh5+ Ke7 45. Kf2 Ng4+ 46. Ke1 Kd8 47. Kd1
Ne3+ 48. Ke2 Ng4 49. Nd6 Nf6 50. Qxh6 Qxd6 51. h5 e4 52. Qg5 exd3+ 53. Kxd3 Qe7
54. h6 Ke8 55. Qf4 Kf7 56. g4 Qe3+ 57. Qxe3 dxe3 58. g5 Nh7 59. Kxe3 Nxg5 60.
Kf4 Kf6 0-1

[Event "La Pobla de Lillet op A"]
[Site "La Pobla de Lillet ESP"]
[Date "2015.08.05"]
[Round "5.3"]
[White "De la Riva Aguado, J."]
[Black "Mellado Triviño, J."]
[Result "1/2-1/2"]
[WhiteElo "2221"]
[BlackElo "2442"]
[PlyCount "79"]
[EventDate "2015.08.01"]
[EventType "swiss"]
[EventRounds "9"]
[EventCountry "ESP"]
[SourceTitle "Ajedrez en Madrid"]
[Source "lmi"]
[SourceDate "2020.06.24"]
[SourceVersion "1"]
[SourceVersionDate "2020.06.24"]
[SourceQuality "1"]

1. Nf3 d5 2. d4 c5 3. e3 Nf6 4. c4 cxd4 5. exd4 Nc6 6. Nc3 Bg4 7. cxd5 Nxd5 8.
Be2 e6 9. O-O Be7 10. Nxd5 Qxd5 11. Be3 O-O 12. h3 Bh5 13. Qa4 Qa5 14. Qxa5
Nxa5 15. Rfd1 Rfd8 16. Rac1 Nc6 17. a3 Bd6 18. g4 Bg6 19. Bd3 Ne7 20. Bxg6 hxg6
21. Nd2 Nd5 22. Ne4 Rd7 23. Nc3 Nxc3 24. Rxc3 Rad8 25. Rdc1 a6 26. Kg2 f6 27.
R1c2 Kf7 28. Rc4 Bb8 29. Kf3 Rd5 30. a4 R8d7 31. Rc5 Ke7 32. R2c4 Ke8 33. Rc8+
Rd8 34. Rxd8+ Kxd8 35. Ke4 f5+ 36. Kf3 Ba7 37. b3 Rd7 38. Bg5+ Ke8 39. Rc8+ Kf7
40. Be3 1/2-1/2

[Event "La Pobla de Lillet op A"]
[Site "La Pobla de Lillet ESP"]
[Date "2015.08.05"]
[Round "5.4"]
[White "Povill Claros, X."]
[Black "Prats Rodriguez, JB."]
[Result "1-0"]
[WhiteElo "2200"]
[BlackElo "1994"]
[PlyCount "65"]
[EventDate "2015.08.01"]
[EventType "swiss"]
[EventRounds "9"]
[EventCountry "ESP"]
[SourceTitle "Ajedrez en Madrid"]
[Source "lmi"]
[SourceDate "2020.06.24"]
[SourceVersion "1"]
[SourceVersionDate "2020.06.24"]
[SourceQuality "1"]

1. e4 d6 2. d4 Nf6 3. f3 d5 4. Nc3 dxe4 5. fxe4 e5 6. d5 Bb4 7. Bg5 Qd6 8. Bd3
Bg4 9. Nf3 Nbd7 10. Qe2 O-O 11. Bd2 a6 12. h3 Bh5 13. O-O Rae8 14. g4 Bg6 15.
Nh4 Bxc3 16. Bxc3 Nxd5 17. exd5 e4 18. Bc4 Qg3+ 19. Ng2 Qxh3 20. Nf4 Qg3+ 21.
Qg2 Qe3+ 22. Qf2 Qxf2+ 23. Kxf2 e3+ 24. Ke2 Bxc2 25. Bb4 Ne5 26. Bd3 Bxd3+ 27.
Nxd3 Nxg4 28. Bxf8 Rxf8 29. Rac1 Nf6 30. Rxf6 gxf6 31. Rxc7 h5 32. Nf4 h4 33.
d6 1-0

[Event "La Pobla de Lillet op A"]
[Site "La Pobla de Lillet ESP"]
[Date "2015.08.05"]
[Round "5.5"]
[White "Tejero Royo, F."]
[Black "Capellades Subirana, M."]
[Result "0-1"]
[WhiteElo "2043"]
[BlackElo "2199"]
[PlyCount "96"]
[EventDate "2015.08.01"]
[EventType "swiss"]
[EventRounds "9"]
[EventCountry "ESP"]
[SourceTitle "Ajedrez en Madrid"]
[Source "lmi"]
[SourceDate "2020.06.24"]
[SourceVersion "1"]
[SourceVersionDate "2020.06.24"]
[SourceQuality "1"]

1. e4 e5 2. Nf3 Nc6 3. Bb5 g6 4. c3 Bg7 5. O-O Nge7 6. Re1 O-O 7. d3 h6 8. Nbd2
d6 9. Nf1 f5 10. exf5 Nxf5 11. d4 exd4 12. Bxc6 bxc6 13. Nxd4 Nxd4 14. cxd4 Qf6
15. Be3 Rb8 16. Re2 Be6 17. Qa4 Bd5 18. Rae1 Qf7 19. b3 Rbe8 20. Qa5 Kh7 21.
Qd2 Re6 22. Ng3 h5 23. Bg5 Rfe8 24. Rxe6 Rxe6 25. Rxe6 Qxe6 26. Ne2 Qg4 27. Ng3
Qxd4 28. Qxd4 Bxd4 29. Ne2 Bb6 30. Nc3 Kg7 31. Na4 Ba5 32. Kf1 c5 33. Nb2 Bc3
34. Nc4 Bf6 35. Bd2 Be4 36. Ba5 d5 37. Nd2 Bd3+ 38. Ke1 Be5 39. Nf3 Bd6 40. Kd2
Bb1 41. Kc3 Be4 42. Ne1 Bxh2 43. g3 Bg1 44. f3 Bd4+ 45. Kd2 Bb1 46. Bc3 Bxc3+
47. Kxc3 g5 48. a3 h4 0-1

[Event "La Pobla de Lillet op A"]
[Site "La Pobla de Lillet ESP"]
[Date "2015.08.05"]
[Round "5.6"]
[White "Corrigüelas Armillas, F."]
[Black "Gomez Jurado, LA."]
[Result "1/2-1/2"]
[WhiteElo "1994"]
[BlackElo "2267"]
[PlyCount "138"]
[EventDate "2015.08.01"]
[EventType "swiss"]
[EventRounds "9"]
[EventCountry "ESP"]
[SourceTitle "Ajedrez en Madrid"]
[Source "lmi"]
[SourceDate "2020.06.24"]
[SourceVersion "1"]
[SourceVersionDate "2020.06.24"]
[SourceQuality "1"]

1. e4 c5 2. Nf3 Nc6 3. d4 cxd4 4. Nxd4 Nf6 5. Nc3 e5 6. Ndb5 d6 7. Bg5 a6 8.
Na3 b5 9. Nab1 Ne7 10. Bxf6 gxf6 11. a4 b4 12. Nd5 Nxd5 13. Qxd5 Ra7 14. Bc4
Rc7 15. Qd3 Bg7 16. O-O O-O 17. Nd2 Bh6 18. Nf3 f5 19. exf5 Bxf5 20. Qxf5 Rxc4
21. Rad1 Rf4 22. Qd3 e4 23. Qxd6 Qf6 24. Qxf6 Rxf6 25. Ne5 Rc8 26. Ng4 Rg6 27.
Nxh6+ Rxh6 28. Rd2 Rhc6 29. Rc1 Rc4 30. c3 bxc3 31. Rxc3 Rxc3 32. bxc3 Rxc3 33.
Kf1 Rc4 34. a5 Rc5 35. Ra2 f5 36. Ke2 Kf7 37. Ke3 Ke6 38. Kf4 Kf6 39. h3 h5 40.
g4 fxg4 41. hxg4 hxg4 42. Kxe4 Rf5 43. Kd4 Kg5 44. Ke4 Rb5 45. Ra3 Rb2 46. Ke3
Kh4 47. Rc3 Rb5 48. Ra3 Rb2 49. Rc3 Ra2 50. Rc5 Kh3 51. Rg5 Ra4 52. Rf5 Kg2 53.
Rf4 Ra3+ 54. Ke2 Ra2+ 55. Ke3 Kh3 56. Rf5 Kh4 57. Kd3 Ra4 58. Ke3 Kh3 59. Rg5
Kg2 60. Rf5 Kf1 61. Rf4 Ra3+ 62. Kd2 Rxa5 63. Rxg4 Kxf2 64. Rf4+ Kg3 65. Rf6
Kg4 66. Kc2 Kg5 67. Rc6 Kf5 68. Kb2 Ke5 69. Rc4 Kd5 1/2-1/2

[Event "La Pobla de Lillet op A"]
[Site "La Pobla de Lillet ESP"]
[Date "2015.08.05"]
[Round "5.7"]
[White "Ayza Ballester, J."]
[Black "Toquero Gracia, P."]
[Result "1-0"]
[WhiteElo "2211"]
[BlackElo "1775"]
[PlyCount "51"]
[EventDate "2015.08.01"]
[EventType "swiss"]
[EventRounds "9"]
[EventCountry "ESP"]
[SourceTitle "Ajedrez en Madrid"]
[Source "lmi"]
[SourceDate "2020.06.24"]
[SourceVersion "1"]
[SourceVersionDate "2020.06.24"]
[SourceQuality "1"]

1. e4 c5 2. Nf3 e6 3. Nc3 a6 4. d4 cxd4 5. Nxd4 d6 6. Bd3 Nf6 7. O-O b5 8. a3
Bb7 9. f4 Nbd7 10. Nb3 Nc5 11. Nxc5 dxc5 12. e5 Nd5 13. Nxd5 Qxd5 14. Qg4 c4
15. Be2 Bc5+ 16. Kh1 O-O 17. Bf3 Qd7 18. Bxb7 Qxb7 19. f5 exf5 20. Rxf5 g6 21.
Bh6 Rfd8 22. e6 Qc7 23. Rxf7 Qe5 24. Bg7 Qe3 25. Bf6 Ra7 26. Bxd8 1-0

[Event "La Pobla de Lillet op A"]
[Site "La Pobla de Lillet ESP"]
[Date "2015.08.05"]
[Round "5.8"]
[White "Viñals Rioja, J."]
[Black "Ribera Baztan, J."]
[Result "1/2-1/2"]
[WhiteElo "2018"]
[BlackElo "2083"]
[PlyCount "52"]
[EventDate "2015.08.01"]
[EventType "swiss"]
[EventRounds "9"]
[EventCountry "ESP"]
[SourceTitle "Ajedrez en Madrid"]
[Source "lmi"]
[SourceDate "2020.06.24"]
[SourceVersion "1"]
[SourceVersionDate "2020.06.24"]
[SourceQuality "1"]

1. Nf3 f5 2. g3 Nf6 3. Bg2 g6 4. d4 Bg7 5. c3 O-O 6. O-O e6 7. Bg5 h6 8. Bxf6
Qxf6 9. e3 Nc6 10. Nbd2 d5 11. b4 Qe7 12. b5 Nd8 13. Ne5 Kh7 14. f4 Nf7 15.
Ndf3 Nd6 16. a4 a6 17. Qb3 Bd7 18. bxa6 Rxa6 19. c4 dxc4 20. Nxc4 Bc6 21. Nfe5
Bxg2 22. Kxg2 Rfa8 23. Rfb1 R8a7 24. Nd3 Nxc4 25. Qxc4 Qd7 26. Rb5 Rc6 1/2-1/2

[Event "La Pobla de Lillet op A"]
[Site "La Pobla de Lillet ESP"]
[Date "2015.08.05"]
[Round "5.9"]
[White "Sanpera Bonet, JC."]
[Black "Torrents Señal, M."]
[Result "1/2-1/2"]
[WhiteElo "2080"]
[BlackElo "1824"]
[PlyCount "42"]
[EventDate "2015.08.01"]
[EventType "swiss"]
[EventRounds "9"]
[EventCountry "ESP"]
[SourceTitle "Ajedrez en Madrid"]
[Source "lmi"]
[SourceDate "2020.06.24"]
[SourceVersion "1"]
[SourceVersionDate "2020.06.24"]
[SourceQuality "1"]

1. e4 c6 2. d4 d5 3. e5 Bf5 4. c4 e6 5. Nc3 Ne7 6. Nf3 c5 7. dxc5 Nbc6 8. Nb5
Ng6 9. cxd5 exd5 10. Be2 Bxc5 11. Qxd5 Bb4+ 12. Bd2 Qxd5 13. Nc7+ Kd7 14. Nxd5
Bxd2+ 15. Nxd2 Ngxe5 16. Nb3 Rad8 17. Rc1 Rhe8 18. O-O Kc8 19. Nb4 Kb8 20.
Nxc6+ Nxc6 21. Bb5 Bd3 1/2-1/2

[Event "La Pobla de Lillet op A"]
[Site "La Pobla de Lillet ESP"]
[Date "2015.08.05"]
[Round "5.10"]
[White "Travesset Ribera, D."]
[Black "Las Heras Aixandri, G."]
[Result "1/2-1/2"]
[WhiteElo "2149"]
[BlackElo "1733"]
[PlyCount "46"]
[EventDate "2015.08.01"]
[EventType "swiss"]
[EventRounds "9"]
[EventCountry "ESP"]
[SourceTitle "Ajedrez en Madrid"]
[Source "lmi"]
[SourceDate "2020.06.24"]
[SourceVersion "1"]
[SourceVersionDate "2020.06.24"]
[SourceQuality "1"]

1. Nf3 d5 2. g3 Nf6 3. Bg2 Bf5 4. c4 c6 5. b3 Nbd7 6. Bb2 e6 7. O-O Be7 8. d3
O-O 9. Nh4 Bg4 10. h3 Bh5 11. g4 Bg6 12. Nd2 Rc8 13. a3 Qc7 14. Nxg6 hxg6 15.
Rc1 Rfd8 16. Qc2 dxc4 17. bxc4 e5 18. a4 Nc5 19. Bc3 Nfd7 20. Nf3 Bf6 21. Nh2
Ne6 22. e3 Ndc5 23. Rfd1 Qd7 1/2-1/2

[Event "La Pobla de Lillet op A"]
[Site "La Pobla de Lillet ESP"]
[Date "2015.08.05"]
[Round "5.18"]
[White "Muñoz Vila, X."]
[Black "Garcia Galeote, L."]
[Result "0-1"]
[WhiteElo "1732"]
[BlackElo "1973"]
[PlyCount "84"]
[EventDate "2015.08.01"]
[EventType "swiss"]
[EventRounds "9"]
[EventCountry "ESP"]
[SourceTitle "Ajedrez en Madrid"]
[Source "lmi"]
[SourceDate "2020.06.24"]
[SourceVersion "1"]
[SourceVersionDate "2020.06.24"]
[SourceQuality "1"]

1. d4 g6 2. c4 Bg7 3. Nc3 d6 4. e4 e5 5. Nf3 Bg4 6. d5 f5 7. Qa4+ Qd7 8. Qxd7+
Nxd7 9. Ng5 Nf8 10. f3 h6 11. fxg4 hxg5 12. gxf5 Bf6 13. g4 O-O-O 14. Be3 Kb8
15. b4 Rd7 16. a4 gxf5 17. gxf5 Rdh7 18. Ra2 g4 19. Kf2 Bh4+ 20. Kg2 Be1 21.
Ne2 Nf6 22. Ra1 Bxb4 23. Ng3 N8d7 24. Bd3 Bc5 25. Bg5 Nh5 26. Nxh5 Rxh5 27. Be7
Be3 28. Be2 Bg5 29. f6 Bxf6 30. Bxf6 Nxf6 31. Raf1 R5h6 32. h3 gxh3+ 33. Kh2
Nxe4 34. Rhg1 a5 35. Bd3 Nc5 36. Bc2 Rh4 37. Rf7 Rxc4 38. Bh7 Nxa4 39. Bg8 Rc2+
40. Kh1 Rg2 41. Ra1 Rgxg8 42. Rb1 Nc5 0-1

[Event "La Pobla de Lillet op A"]
[Site "La Pobla de Lillet ESP"]
[Date "2015.08.06"]
[Round "6.1"]
[White "Cervello Tost, F."]
[Black "Muñoz Pantoja, M."]
[Result "1/2-1/2"]
[WhiteElo "2303"]
[BlackElo "2434"]
[PlyCount "41"]
[EventDate "2015.08.01"]
[EventType "swiss"]
[EventRounds "9"]
[EventCountry "ESP"]
[SourceTitle "Ajedrez en Madrid"]
[Source "lmi"]
[SourceDate "2020.06.24"]
[SourceVersion "1"]
[SourceVersionDate "2020.06.24"]
[SourceQuality "1"]

1. Nf3 Nf6 2. g3 g6 3. Bg2 Bg7 4. O-O O-O 5. d4 c5 6. c4 d6 7. Nc3 Nc6 8. e3
Bg4 9. h3 Bxf3 10. Bxf3 Nd7 11. Ne2 Qb6 12. Bxc6 Qxc6 13. b3 b5 14. cxb5 Qxb5
15. Bb2 Rac8 16. Qd2 cxd4 17. Nxd4 Qh5 18. Kh2 Nf6 19. Qd1 Qd5 20. Rc1 Ne4 21.
Nc6 1/2-1/2

[Event "La Pobla de Lillet op A"]
[Site "La Pobla de Lillet ESP"]
[Date "2015.08.06"]
[Round "6.2"]
[White "Lorenzo de la Riva, L."]
[Black "Povill Claros, X."]
[Result "1-0"]
[WhiteElo "2372"]
[BlackElo "2200"]
[PlyCount "71"]
[EventDate "2015.08.01"]
[EventType "swiss"]
[EventRounds "9"]
[EventCountry "ESP"]
[SourceTitle "Ajedrez en Madrid"]
[Source "lmi"]
[SourceDate "2020.06.24"]
[SourceVersion "1"]
[SourceVersionDate "2020.06.24"]
[SourceQuality "1"]

1. d4 e6 2. e4 d5 3. Nd2 dxe4 4. Nxe4 Bd7 5. Nf3 Bc6 6. Bd3 Nd7 7. O-O Ngf6 8.
Ng3 Be7 9. b3 O-O 10. Bb2 Bxf3 11. Qxf3 c6 12. c4 Qa5 13. a3 Rfd8 14. Rfe1 Qb6
15. Bc2 Bf8 16. Rad1 a5 17. h4 a4 18. b4 Qa6 19. Bd3 Qa7 20. h5 h6 21. Re3 Rab8
22. Qe2 b6 23. Ne4 Be7 24. Nc3 Bd6 25. d5 exd5 26. cxd5 Nf8 27. dxc6 Ne6 28.
Nb5 Qe7 29. Bxf6 Qxf6 30. Nxd6 Nd4 31. Qg4 Qxd6 32. Rg3 g5 33. hxg6 f5 34. Qh5
Qxc6 35. Qxh6 Qc7 36. Bc4+ 1-0

[Event "La Pobla de Lillet op A"]
[Site "La Pobla de Lillet ESP"]
[Date "2015.08.06"]
[Round "6.3"]
[White "Capellades Subirana, M."]
[Black "Movsziszian, K."]
[Result "0-1"]
[WhiteElo "2199"]
[BlackElo "2457"]
[PlyCount "86"]
[EventDate "2015.08.01"]
[EventType "swiss"]
[EventRounds "9"]
[EventCountry "ESP"]
[SourceTitle "Ajedrez en Madrid"]
[Source "lmi"]
[SourceDate "2020.06.24"]
[SourceVersion "1"]
[SourceVersionDate "2020.06.24"]
[SourceQuality "1"]

1. e4 g6 2. d4 Bg7 3. Be3 d6 4. Bd3 Nf6 5. f3 O-O 6. Qd2 e5 7. d5 c6 8. c4 cxd5
9. cxd5 Ne8 10. Nc3 f5 11. exf5 gxf5 12. f4 Nf6 13. fxe5 dxe5 14. Bh6 Bxh6 15.
Qxh6 Ng4 16. Qd2 Nd7 17. Bc4 Nb6 18. Bb3 a5 19. a3 a4 20. Ba2 f4 21. Nf3 Ne3
22. g3 Bf5 23. Rc1 Qf6 24. gxf4 exf4 25. Qd4 Rae8 26. Rg1+ Kh8 27. Kf2 Bh3 28.
Rce1 Ng4+ 29. Rxg4 Qxd4+ 30. Nxd4 Rxe1 31. Kxe1 Bxg4 32. Ne6 Bxe6 33. dxe6 Kg7
34. Kf2 Kf6 35. Kf3 Ke7 36. Ne2 Rd8 37. Kxf4 Rd2 38. Ng3 Rxb2 39. Nf5+ Ke8 40.
Nd6+ Kf8 41. Bc4 Nxc4 42. Nxc4 Rxh2 43. Nb6 Ke7 0-1

[Event "La Pobla de Lillet op A"]
[Site "La Pobla de Lillet ESP"]
[Date "2015.08.06"]
[Round "6.4"]
[White "Mellado Triviño, J."]
[Black "Ayza Ballester, J."]
[Result "1/2-1/2"]
[WhiteElo "2442"]
[BlackElo "2211"]
[PlyCount "45"]
[EventDate "2015.08.01"]
[EventType "swiss"]
[EventRounds "9"]
[EventCountry "ESP"]
[SourceTitle "Ajedrez en Madrid"]
[Source "lmi"]
[SourceDate "2020.06.24"]
[SourceVersion "1"]
[SourceVersionDate "2020.06.24"]
[SourceQuality "1"]

1. e4 c5 2. Nf3 Nc6 3. c3 Nf6 4. e5 Nd5 5. Bc4 e6 6. O-O Be7 7. d4 cxd4 8. cxd4
d6 9. exd6 Qxd6 10. Nbd2 Nf6 11. Qe2 a6 12. Ne4 Nxe4 13. Qxe4 Nb4 14. Qg4 O-O
15. Bh6 Bf6 16. Bf4 Qd8 17. Be5 b5 18. Bb3 Bb7 19. Rfd1 Rc8 20. a4 Bd5 21. Bxd5
Nxd5 22. axb5 axb5 23. Qe4 1/2-1/2

[Event "La Pobla de Lillet op A"]
[Site "La Pobla de Lillet ESP"]
[Date "2015.08.06"]
[Round "6.5"]
[White "Gomez Jurado, LA."]
[Black "De la Riva Aguado, J."]
[Result "0-1"]
[WhiteElo "2267"]
[BlackElo "2221"]
[PlyCount "60"]
[EventDate "2015.08.01"]
[EventType "swiss"]
[EventRounds "9"]
[EventCountry "ESP"]
[SourceTitle "Ajedrez en Madrid"]
[Source "lmi"]
[SourceDate "2020.06.24"]
[SourceVersion "1"]
[SourceVersionDate "2020.06.24"]
[SourceQuality "1"]

1. c4 e5 2. g3 Nc6 3. Nc3 Bc5 4. Nf3 d6 5. Bg2 a6 6. O-O Nge7 7. e3 Ba7 8. d4
exd4 9. exd4 Bg4 10. Be3 O-O 11. h3 Bxf3 12. Bxf3 Nf5 13. Bxc6 bxc6 14. Qd3 Qf6
15. Rad1 Rfe8 16. Rfe1 Re7 17. c5 Rae8 18. Qxa6 Nxe3 19. Qxc6 h5 20. fxe3 Rxe3
21. Qxe8+ Rxe8 22. Rxe8+ Kh7 23. Ne2 dxc5 24. Rf1 Qc6 25. Re7 f6 26. Rf5 cxd4
27. Rxh5+ Kg8 28. Nf4 d3+ 29. Kh2 d2 30. Ne6 Bg1+ 0-1

[Event "La Pobla de Lillet op A"]
[Site "La Pobla de Lillet ESP"]
[Date "2015.08.06"]
[Round "6.6"]
[White "Amores Gago, X."]
[Black "Viñals Rioja, J."]
[Result "1/2-1/2"]
[WhiteElo "2149"]
[BlackElo "2018"]
[PlyCount "49"]
[EventDate "2015.08.01"]
[EventType "swiss"]
[EventRounds "9"]
[EventCountry "ESP"]
[SourceTitle "Ajedrez en Madrid"]
[Source "lmi"]
[SourceDate "2020.06.24"]
[SourceVersion "1"]
[SourceVersionDate "2020.06.24"]
[SourceQuality "1"]

1. e4 d5 2. exd5 Nf6 3. d4 Nxd5 4. Nf3 g6 5. c4 Nb6 6. Nc3 Bg7 7. c5 Nd5 8. Bc4
Nxc3 9. bxc3 O-O 10. O-O b6 11. cxb6 cxb6 12. Bg5 Nc6 13. Qe2 Qc7 14. Rac1 e6
15. Rfe1 Bb7 16. Ba6 Bxa6 17. Qxa6 Rac8 18. Red1 Nb8 19. Qd3 Qc4 20. Qb1 Nd7
21. h4 b5 22. Nd2 Qd5 23. Ne4 Rc6 24. Be7 Rfc8 25. Bb4 1/2-1/2

[Event "La Pobla de Lillet op A"]
[Site "La Pobla de Lillet ESP"]
[Date "2015.08.06"]
[Round "6.7"]
[White "Prats Rodriguez, JB."]
[Black "Menac Comas, JR."]
[Result "1-0"]
[WhiteElo "1994"]
[BlackElo "2115"]
[PlyCount "113"]
[EventDate "2015.08.01"]
[EventType "swiss"]
[EventRounds "9"]
[EventCountry "ESP"]
[SourceTitle "Ajedrez en Madrid"]
[Source "lmi"]
[SourceDate "2020.06.24"]
[SourceVersion "1"]
[SourceVersionDate "2020.06.24"]
[SourceQuality "1"]

1. e4 c5 2. Nc3 g6 3. g3 Bg7 4. Bg2 Nc6 5. d3 d6 6. Be3 Nf6 7. h3 O-O 8. f4 Nd7
9. Nf3 Rb8 10. O-O b5 11. Qd2 b4 12. Nd1 a5 13. f5 Ba6 14. Bh6 c4 15. Bxg7 Kxg7
16. Ne3 cxd3 17. Ng4 Rh8 18. cxd3 Qb6+ 19. Kh2 h5 20. Ne3 Nce5 21. Nd5 Nxf3+
22. Rxf3 Qd4 23. Nxe7 Ne5 24. f6+ Kf8 25. Rf4 Re8 26. Rc1 Nxd3 27. Bf1 g5 28.
Rf5 Qxe4 29. Qxg5 Rxe7 30. fxe7+ Qxe7 31. Qxe7+ Kxe7 32. Rc7+ Ke6 33. Rfxf7 Re8
34. Ra7 Ne5 35. Rf4 Bxf1 36. Rxf1 Rc8 37. Rf2 Rc5 38. Rh7 Rd5 39. Kg2 Nd3 40.
Re2+ Kf6 41. Rh6+ Kf7 42. Ree6 Nxb2 43. Rxd6 Rf5 44. Rd7+ Kg8 45. Rg6+ Kh8 46.
Ra6 Rf8 47. Raa7 Rc8 48. Rxa5 Rc2+ 49. Kf3 Rc3+ 50. Kf4 Rc4+ 51. Kg5 Rc8 52.
Kxh5 Nc4 53. Rb5 Ne3 54. g4 Ng2 55. Rxb4 Rg8 56. Rbd4 Nf4+ 57. Rxf4 1-0

[Event "La Pobla de Lillet op A"]
[Site "La Pobla de Lillet ESP"]
[Date "2015.08.06"]
[Round "6.8"]
[White "Ribera Baztan, J."]
[Black "Guasch Murtra, JM."]
[Result "0-1"]
[WhiteElo "2083"]
[BlackElo "1955"]
[PlyCount "50"]
[EventDate "2015.08.01"]
[EventType "swiss"]
[EventRounds "9"]
[EventCountry "ESP"]
[SourceTitle "Ajedrez en Madrid"]
[Source "lmi"]
[SourceDate "2020.06.24"]
[SourceVersion "1"]
[SourceVersionDate "2020.06.24"]
[SourceQuality "1"]

1. d4 d5 2. c4 dxc4 3. e4 Nf6 4. e5 Nd5 5. Bxc4 Bf5 6. Qb3 e6 7. Qxb7 Nb4 8.
Qxa8 Nc2+ 9. Kf1 Be7 10. Bb5+ Kf8 11. Nf3 Nxa1 12. Nc3 g5 13. Be3 Kg7 14. Qxa7
g4 15. Nd2 Nc2 16. Ke2 c5 17. dxc5 Nc6 18. Qa4 N6d4+ 19. Kd1 Nxe3+ 20. Kc1 Nxb5
21. Qxb5 Nxg2 22. Rd1 Bg5 23. Qc4 Ne1 24. Nce4 Nd3+ 25. Kc2 Nxf2 0-1

[Event "La Pobla de Lillet op A"]
[Site "La Pobla de Lillet ESP"]
[Date "2015.08.06"]
[Round "6.9"]
[White "Segarra Calderer, A."]
[Black "Sanpera Bonet, JC."]
[Result "0-1"]
[WhiteElo "2014"]
[BlackElo "2080"]
[PlyCount "62"]
[EventDate "2015.08.01"]
[EventType "swiss"]
[EventRounds "9"]
[EventCountry "ESP"]
[SourceTitle "Ajedrez en Madrid"]
[Source "lmi"]
[SourceDate "2020.06.24"]
[SourceVersion "1"]
[SourceVersionDate "2020.06.24"]
[SourceQuality "1"]

1. c4 e5 2. Nc3 Nf6 3. g3 Nc6 4. Bg2 Bc5 5. Nf3 a6 6. O-O d6 7. d3 h6 8. a3 O-O
9. e3 Bf5 10. b3 Qd7 11. Bb2 Bh3 12. d4 exd4 13. exd4 Ba7 14. b4 Rad8 15. c5
Qg4 16. Nh4 Bxg2 17. Kxg2 Qxd4 18. Qc2 dxc5 19. Nf5 Qc4 20. Qc1 Kh7 21. Kg1
cxb4 22. axb4 Nd4 23. Qf4 g5 24. Qc1 Nxf5 25. Qb1 Qd3 26. Qa2 Nxg3 27. Rad1 Qf3
28. Qb1+ Kg8 29. hxg3 Qxg3+ 30. Kh1 Qh3+ 31. Kg1 Ng4 0-1

[Event "La Pobla de Lillet op A"]
[Site "La Pobla de Lillet ESP"]
[Date "2015.08.06"]
[Round "6.10"]
[White "Torrents Señal, M."]
[Black "Tejero Royo, F."]
[Result "0-1"]
[WhiteElo "1824"]
[BlackElo "2043"]
[PlyCount "76"]
[EventDate "2015.08.01"]
[EventType "swiss"]
[EventRounds "9"]
[EventCountry "ESP"]
[SourceTitle "Ajedrez en Madrid"]
[Source "lmi"]
[SourceDate "2020.06.24"]
[SourceVersion "1"]
[SourceVersionDate "2020.06.24"]
[SourceQuality "1"]

1. d4 d5 2. c4 e6 3. Nc3 Nf6 4. Bf4 c6 5. e3 Nbd7 6. Nf3 Be7 7. cxd5 exd5 8.
Bd3 Nf8 9. Qc2 Ng6 10. Bg3 Bd6 11. Rc1 Qe7 12. a3 O-O 13. O-O Bd7 14. Bxd6 Qxd6
15. b4 Rae8 16. Bxg6 hxg6 17. Ne5 Bf5 18. Qe2 g5 19. f4 g4 20. Na4 g6 21. Rc3
Kg7 22. Rfc1 Rh8 23. g3 Rh3 24. Nc5 Qb8 25. Ra1 Reh8 26. Ra2 R8h5 27. e4 dxe4
28. b5 Qd8 29. Qf2 Qd5 30. Rd2 cxb5 31. Rc1 b6 32. Na6 Qb3 33. Re1 Qxa3 34. Nc7
Qe7 35. Nxb5 Nd5 36. Ra2 a5 37. Qg2 Qb4 38. Qe2 Rxh2 0-1

[Event "La Pobla de Lillet op A"]
[Site "La Pobla de Lillet ESP"]
[Date "2015.08.06"]
[Round "6.16"]
[White "Garcia Galeote, L."]
[Black "Escofet Llongueras, J."]
[Result "1-0"]
[WhiteElo "1973"]
[BlackElo "1746"]
[PlyCount "75"]
[EventDate "2015.08.01"]
[EventType "swiss"]
[EventRounds "9"]
[EventCountry "ESP"]
[SourceTitle "Ajedrez en Madrid"]
[Source "lmi"]
[SourceDate "2020.06.24"]
[SourceVersion "1"]
[SourceVersionDate "2020.06.24"]
[SourceQuality "1"]

1. b3 Nf6 2. Bb2 g6 3. Bxf6 exf6 4. d4 d5 5. g3 Bg7 6. Bg2 c6 7. e3 Qa5+ 8. Qd2
Qxd2+ 9. Nxd2 O-O 10. Ne2 Na6 11. a3 Nc7 12. O-O Bf5 13. Rfc1 Rfe8 14. c4 Bg4
15. Nc3 Be6 16. cxd5 cxd5 17. Ne2 Rac8 18. a4 Na6 19. Nc3 Nb4 20. Nb5 a6 21.
Nd6 Rxc1+ 22. Rxc1 Re7 23. e4 Rd7 24. Nc8 Bf8 25. exd5 Nxd5 26. Bxd5 Rxd5 27.
Ne4 Rxd4 28. Nxf6+ Kg7 29. Ne8+ Kh6 30. Nb6 Rb4 31. Nc4 Rxb3 32. h4 b5 33. axb5
axb5 34. Ne5 b4 35. g4 Rc3 36. Re1 b3 37. g5+ Kh5 38. Re4 1-0

[Event "La Pobla de Lillet op A"]
[Site "La Pobla de Lillet ESP"]
[Date "2015.08.07"]
[Round "7.1"]
[White "De la Riva Aguado, J."]
[Black "Lorenzo de la Riva, L."]
[Result "1/2-1/2"]
[WhiteElo "2221"]
[BlackElo "2372"]
[PlyCount "49"]
[EventDate "2015.08.01"]
[EventType "swiss"]
[EventRounds "9"]
[EventCountry "ESP"]
[SourceTitle "Ajedrez en Madrid"]
[Source "lmi"]
[SourceDate "2020.06.24"]
[SourceVersion "1"]
[SourceVersionDate "2020.06.24"]
[SourceQuality "1"]

1. d4 d5 2. Bf4 Nf6 3. e3 g6 4. Be2 Bg7 5. Nc3 a6 6. a4 c5 7. Nf3 cxd4 8. exd4
Nc6 9. Ne5 Qb6 10. Nxc6 bxc6 11. Rb1 a5 12. Be5 O-O 13. O-O Nd7 14. Bxg7 Kxg7
15. Na2 c5 16. dxc5 Qxc5 17. c3 Nf6 18. b4 Qc7 19. bxa5 Qxa5 20. Nb4 Qc5 21.
Bb5 Bf5 22. Rc1 Rfd8 23. Qd4 Rdc8 24. Rfe1 Be6 25. h3 1/2-1/2